<?xml version='1.0' encoding='UTF-8'?><?xml-stylesheet href='static/style.xsl' type='text/xsl'?><OAI-PMH xmlns="http://www.openarchives.org/OAI/2.0/" xmlns:xsi="http://www.w3.org/2001/XMLSchema-instance" xsi:schemaLocation="http://www.openarchives.org/OAI/2.0/ http://www.openarchives.org/OAI/2.0/OAI-PMH.xsd"><responseDate>2026-05-02T09:15:24Z</responseDate><request verb="GetRecord" identifier="oai:ebiltegia.mondragon.edu:20.500.11984/1577" metadataPrefix="marc">https://ebiltegia.mondragon.edu/oai/request</request><GetRecord><record><header><identifier>oai:ebiltegia.mondragon.edu:20.500.11984/1577</identifier><datestamp>2024-04-15T15:46:45Z</datestamp><setSpec>com_20.500.11984_460</setSpec><setSpec>col_20.500.11984_465</setSpec></header><metadata><record xmlns="http://www.loc.gov/MARC21/slim" xmlns:dcterms="http://purl.org/dc/terms/" xmlns:xsi="http://www.w3.org/2001/XMLSchema-instance" xmlns:doc="http://www.lyncode.com/xoai" xsi:schemaLocation="http://www.loc.gov/MARC21/slim http://www.loc.gov/standards/marcxml/schema/MARC21slim.xsd">
   <leader>00925njm 22002777a 4500</leader>
   <datafield ind2=" " ind1=" " tag="042">
      <subfield code="a">dc</subfield>
   </datafield>
   <datafield ind2=" " ind1=" " tag="720">
      <subfield code="a">GALARRAGA  ARRIZABALAGA, HAIZEA</subfield>
      <subfield code="e">author</subfield>
   </datafield>
   <datafield ind2=" " ind1=" " tag="260">
      <subfield code="c">2018</subfield>
   </datafield>
   <datafield ind2=" " ind1=" " tag="520">
      <subfield code="a">lkerlan honek literaturaren ikas-irakaskuntza prozesua sakon ulertzea du helburu, zehazki, literatur genero bat, album ilustratua, ikasgelan lantzen denean. Bertan sortzen diren elkarrekintza didaktikoak aztertuz, besteak beste, ezagutza literarioak elkarrekin nola eraikitzen diren ulertu nahi du, gaitasun literarioan aurrera egiteko eta hezkuntza literariora hurbiltzeko emankorrak izan daitezkeen ereduak ezagutzeko, bai elkarrekintzan berari dagokionez eta bai generoari eta literatur alorrari dagokionez ere. Horretarako, Arizmendi ikastolako kide diren Arimazubi eta Almen zentroetako Lehen Hezkuntzako bigarren zikloko irakasleekin prestakuntza-prozesu bat martxan jarri eta hura ikertu egin da, prestakuntza­ ikertua eginez, hau da, ikerketa eta prestakuntza uztartuz. Prozesu horren baitan jaso dira aztertutako datuak, ikasgelako datuak zein prestakuntzakoak batuz eta aztertuz.</subfield>
   </datafield>
   <datafield ind1="8" ind2=" " tag="024">
      <subfield code="a">https://katalogoa.mondragon.edu/janium-bin/janium_login_opac.pl?find&amp;ficha_no=149374</subfield>
   </datafield>
   <datafield ind1="8" ind2=" " tag="024">
      <subfield code="a">https://hdl.handle.net/20.500.11984/1577</subfield>
   </datafield>
   <datafield ind2="0" ind1="0" tag="245">
      <subfield code="a">Literaturaren ikas-irakaskuntzan aurrera egiteko album ilustratuek eta ikasgelako elkarrekintzek eskaintzen dituzten aukerak</subfield>
   </datafield>
</record></metadata></record></GetRecord></OAI-PMH>